000 00479nam a2200169 a 4500
001 0378
005 20140414132030.0
008 040913s19uu xx 00 eng d
020 _a1-875875-22-0
050 _aTR
_bM99 1996
100 _aYoung, Leonie
245 _aMy most fabulous book /
_cwritten by Leonie Young ; illustrated by Lisa Thompson.
260 _aAustralia :
_bWeldon Kids,
_c1996.
300 _a1 v. (unp.) : ill. ; cm.
650 _aTitle.
999 _c113612
_d113612